[Event "HCL-A2486"]
[Site "www.playchess.de"]
[Date "2006.01.14"]
[Round "20"]
[White "Jule"]
[Black "organic"]
[WhiteElo "1431"]
[BlackElo "1345"]
[PlyCount "100"]
[Result "0-1"]

1.Nf3 {Viel Spass bei dieser Partie}  d5 {Vielen 
Dank! Viel Erfolg!}  2.d4 Bg4 3.Bf4 Nf6 4.h3 Bh5 
5.Nbd2 e6 6.e3 Bb4 7.c3 Ba5 8.Bd3 Nc6 9.O-O O-O 
10.Qc2 h6 11.b4 Bb6 12.a4 a5 13.b5 Ne7 14.c4 Nf5 
15.c5 Ba7 16.Bxf5 exf5 17.Qxf5 Bg6 18.Qe5 Bb8 
19.Bh2 c6 20.Qxb8 Rxb8 21.Bxb8 Qxb8 22.bxc6 bxc6 
23.Ne5 Qc7 24.Rab1 Bxb1 25.Rxb1 Rb8 26.Rxb8+ Qxb8 
27.Nxc6 Qb2 28.Nf3 Ne4 29.Nxa5 Qxf2+ 30.Kh1 Nd2 
31.c6 Nxf3 32.gxf3 Qe1+ 33.Kg2 Qxa5 34.Kg3 Qc7+ 
35.f4 Qxc6 36.a5 Qa6 37.f5 Qxa5 38.Kf4 f6 39.e4 
{Ich wünsche ein frohes und gesundes neues Jahr 
2006}  Qd2+ {Vielen Dank! Das wünsche ich Ihnen 
auch!}  40.Kf3 Qxd4 41.exd5 Qxd5+ 42.Kf4 Qg2 43.h4 
h5 44.Ke3 Qg4 45.Kd3 Qxf5+ 46.Ke3 Qg4 47.Kd3 Qxh4 
48.Ke3 Qg3+ 49.Ke4 Qf2 50.Kd3 Qe1 0-1

[Event "HCL-M858"]
[Site "www.playchess.de"]
[Date "2006.01.14"]
[Round "4"]
[White "AJT"]
[Black "Goofy"]
[WhiteElo "1948"]
[BlackElo "2041"]
[PlyCount "81"]
[Result "1-0"]

1.d4 {greetings and a gg}  Nf6 {same to you! ;o))} 
 2.c4 {thanks ;)}  c5 3.d5 e6 4.Nf3 b5 5.Bg5 Qa5+ 
6.Qd2 Qxd2+ 7.Nbxd2 bxc4 8.e4 exd5 9.Bxf6 gxf6 
10.exd5 d6 11.Nxc4 Nd7 12.Nfd2 Ne5 13.O-O-O Bf5 
14.Ne3 Nd3+ 15.Kc2 Nb4+ 16.Kc3 Bc8 17.a3 Na6 
18.Bb5+ Kd8 19.b3 Nc7 20.Bc6 Rb8 21.Ndc4 Nb5+ 
22.Bxb5 Rxb5 23.Rhe1 Kc7 24.Kb2 Bg7 25.Nf1 f5+ 
26.Kc2 Bf6 27.Ng3 f4 28.Nxd6 Rb6 29.Nxc8 Rxc8 
30.Nh5 Rd8 31.Nxf4 Kd6 32.Rd3 Rdb8 33.Rh3 Bg5 
34.Ne2 c4 35.b4 a5 36.Nc3 h6 37.b5 a4 38.Re4 R6xb5 
39.Nxb5+ Rxb5 40.Rxc4 Rxd5 41.f4 1-0

[Event "HCL-C3959"]
[Site "www.playchess.de"]
[Date "2006.01.14"]
[Round "10"]
[White "Satellite"]
[Black "mothball"]
[WhiteElo "1154"]
[BlackElo "1230"]
[PlyCount "102"]
[Result "0-1"]

1.d4 d5 2.c4 Nc6 3.e3 e5 4.Nc3 Bb4 5.Nf3 Bg4 6.Be2 
exd4 7.exd4 dxc4 8.O-O Bxc3 9.bxc3 Qd5 10.h3 Be6 
11.Rb1 b5 12.Bf4 Rc8 13.Ne5 Nge7 14.Bf3 Qd8 
15.Nxc6 Nxc6 16.Bxc6+ Kf8 17.Bxb5 Rb8 18.Qa4 Bf5 
19.Rbe1 Be6 20.Bc6 g5 21.Be5 f6 22.Qa3+ Kf7 23.Bh2 
Rb6 24.Qa4 Bd5 25.Bd7 Rd6 26.Bxd6 cxd6 27.Bg4 h5 
28.Qxa7+ Kf8 29.Bd1 f5 30.Bc2 Qf6 31.Qb8+ Kg7 
32.Qc7+ Bf7 33.Re6 Qxe6 34.Qb7 d5 35.Qb1 f4 36.Qe1 
Qf6 37.Qe5 Qxe5 38.dxe5 Be6 39.a4 h4 40.a5 Bc8 
41.Ba4 f3 42.Kh2 fxg2 43.Kxg2 Bb7 44.e6 Kf6 45.Re1 
Rh7 46.Bc2 Re7 47.Ra1 d4+ 48.Kh2 d3 49.a6 dxc2 
50.axb7 Rxb7 51.Re1 Rb1 0-1

[Event "HCL-M841"]
[Site "www.playchess.de"]
[Date "2006.01.14"]
[Round "13"]
[White "mige"]
[Black "PamperedPawn"]
[WhiteElo "1789"]
[BlackElo "2418"]
[PlyCount "52"]
[Result "0-1"]

1.e4 {hi from Belgrade}  e5 2.Nf3 Nc6 3.Bb5 a6 
4.Ba4 Nge7 5.O-O Ng6 6.c3 Be7 7.d4 O-O 8.Bxc6 dxc6 
9.Nxe5 Nxe5 10.dxe5 Bc5 11.Qe2 Qe7 12.Bf4 Qh4 
13.Bg3 Qg5 14.Kh1 Rd8 15.b4 Be7 16.f4 Qg4 17.Rf3 
a5 18.bxa5 Qd7 {How sad to lose ones father. my 
deepest sympathy for your loss.}  19.Rf1 {thank 
you}  Rxa5 20.Rc1 Ra4 21.Qc2 b5 {Happy New Year!}  
22.Be1 Qg4 23.Bg3 h5 24.Rf1 h4 25.Be1 Qd1 26.Qf2 
h3 0-1

[Event "HCL-C4070"]
[Site "www.playchess.de"]
[Date "2006.01.14"]
[Round "6"]
[White "Talisman77"]
[Black "Kelthek"]
[WhiteElo "1225"]
[BlackElo "589"]
[PlyCount "34"]
[Result "0-1"]

1.d4 {Hi}  d5 {Hello...good luck!}  2.c4 c5 3.Nc3 
e6 4.Nf3 Nf6 5.cxd5 Nxd5 6.Nxd5 Qxd5 7.e3 Bd6 
8.Be2 O-O 9.O-O Nd7 10.Qd3 b6 11.Bd2 Qh5 12.Rac1 
Bb7 13.dxc5 Bb8 14.Qxd7 Bxf3 15.g3 Bxe2 16.Rfe1 
Bf3 17.cxb6 Qh3 0-1

[Event "HCL-B3241"]
[Site "www.playchess.de"]
[Date "2006.01.14"]
[Round "5"]
[White "Patricio7777777"]
[Black "psv"]
[WhiteElo "1500"]
[BlackElo "1437"]
[PlyCount "74"]
[Result "0-1"]

1.d4 {wish you a great game,greatings from Germany 
:-)))}  d5 2.Nf3 e6 3.e3 c5 4.c3 c4 5.b3 b5 6.a4 
b4 7.Bd2 Nf6 8.bxc4 bxc3 9.Bxc3 Be7 10.c5 a6 
11.Ne5 O-O 12.Bd3 Nbd7 13.Ng4 Nxg4 14.Qxg4 Nf6 
15.Qd1 Rb8 16.O-O Qc7 17.Re1 Bb7 18.f4 Ne4 19.Bb2 
f5 20.Nd2 Bc6 21.Rb1 Qa5 22.Bxe4 fxe4 23.Nf1 Bxa4 
24.Qc1 Rb3 25.Nd2 Rbb8 26.Bc3 Qc7 27.Rxb8 Rxb8 
28.Qa3 Bb5 29.Rf1 Bxf1 30.Kxf1 g5 31.Qxa6 Qc8 
32.fxg5 Bxg5 33.Qe2 Qf8+ 34.Kg1 Qh6 35.Qg4 Rf8 
36.c6 Kh8 37.Nf1 Qf6 0-1

[Event "HCL-E1539"]
[Site "www.playchess.de"]
[Date "2006.01.14"]
[Round "25"]
[White "Dutchin"]
[Black "BohdanL"]
[WhiteElo "1637"]
[BlackElo "1486"]
[PlyCount "35"]
[Result "1-0"]

1.Nf3 d6 2.e4 g6 3.d4 Bg7 4.Bc4 Nf6 5.Qe2 c6 6.e5 
dxe5 7.dxe5 Nd5 8.h3 e6 9.Bg5 Qb6 10.Bb3 O-O 
11.O-O Qc7 12.c4 Ne7 13.Nc3 Na6 14.Rad1 Nc5 15.Bc2 
a5 16.Rfe1 b6 17.Qd2 Rd8 18.Qxd8+ 1-0

[Event "HCL-A2467"]
[Site "www.playchess.de"]
[Date "2006.01.14"]
[Round "10"]
[White "FlatoA"]
[Black "goathed"]
[WhiteElo "1400"]
[BlackElo "1309"]
[PlyCount "67"]
[Result "1-0"]

1.e4 e5 2.Nf3 Nc6 3.Bb5 d6 4.d4 Bd7 5.d5 Nce7 
6.Bxd7+ Qxd7 7.c4 Nf6 8.Nc3 O-O-O 9.h3 Kb8 10.Be3 
Nc8 11.b4 Re8 12.c5 dxc5 13.bxc5 c6 14.d6 Nxd6 
15.cxd6 Qxd6 16.Qxd6+ Bxd6 17.a3 h6 18.Nd2 Bc7 
19.Nb3 Red8 20.Ke2 Rd7 21.Rhd1 Rhd8 22.f3 Nh5 
23.Rxd7 Rxd7 24.Rd1 Rxd1 25.Nxd1 g5 26.Bc5 Nf4+ 
27.Kf1 Ne6 28.Bb4 Bb6 29.Bd6+ Bc7 30.Bxc7+ Kxc7 
31.Ne3 b6 32.Ke2 a5 33.a4 Ng7 34.Ng4 1-0

[Event "HCL-C3916"]
[Site "www.playchess.de"]
[Date "2006.01.14"]
[Round "20"]
[White "Milosforman"]
[Black "moggo"]
[WhiteElo "989"]
[BlackElo "797"]
[PlyCount "87"]
[Result "1-0"]

1.d4 d5 2.Nf3 e6 3.e3 Nf6 4.Bd3 Nc6 5.Bd2 b6 6.c3 
a5 7.Qa4 Bd7 8.Qc2 Ne4 9.Bxe4 dxe4 10.Qxe4 f5 
11.Qh4 a4 12.Qg3 g6 13.O-O Bd6 14.Qg5 Be7 15.Qh6 
Bf8 16.Qg5 Be7 17.Qh6 Bf8 18.Qg5 Na5 19.Qxd8+ Rxd8 
20.Na3 Bc6 21.c4 Bd6 22.b4 Bxf3 23.g3 Nb7 24.c5 
bxc5 25.bxc5 Be7 26.Nb5 f4 27.exf4 h5 28.Nxc7+ Kf7 
29.Rab1 Rxd4 30.c6 Nc5 31.Bb4 Rc8 32.Nxe6 Nxe6 
33.Bxe7 Kxe7 34.Rbe1 Rxc6 35.Re3 Bd1 36.h3 Kf6 
37.Rfe1 Nc5 38.Rc3 g5 39.Re5 Bf3 40.Rxf3 Rd1+ 
41.Kg2 g4 42.hxg4 hxg4 43.Rc3 Rd3 
44.Rcxc5 1-0

[Event "HCL-C4070"]
[Site "www.playchess.de"]
[Date "2006.01.14"]
[Round "2"]
[White "Talisman77"]
[Black "Kirill1"]
[WhiteElo "1225"]
[BlackElo "800"]
[PlyCount "31"]
[Result "1-0"]

1.d4 {Hi}  Nf6 2.c4 d5 {happy new year!!!}  3.Nc3 
{Happy new year to you too !}  c6 4.Nf3 Ng4 5.e3 
f6 6.cxd5 cxd5 7.Bd2 e6 8.Bd3 Bd7 9.O-O Bd6 10.e4 
Qc7 11.g3 h5 12.exd5 exd5 13.Re1+ Be7 14.Nxd5 Qc8 
15.Nxe7 Qd8 16.Nc6+ 1-0

[Event "HCL-C3979"]
[Site "www.playchess.de"]
[Date "2006.01.14"]
[Round "4"]
[White "Huanchaco"]
[Black "mumu"]
[WhiteElo "800"]
[BlackElo "800"]
[PlyCount "77"]
[Result "1-0"]

1.d4 d5 2.c4 dxc4 3.e4 b5 4.Nf3 Nf6 5.Nc3 a6 6.Bg5 
e6 7.e5 h6 8.Bh4 g5 9.Nxg5 hxg5 10.Bxg5 Bh6 
11.Bxf6 Qd5 12.Bxh8 Qd7 13.Ne4 Qe7 14.Nf6+ Kd8 
15.Ne4 Qb4+ 16.Nc3 Qxb2 17.Ne4 c3 18.Bf6+ Ke8 
19.Bg5 Bxg5 20.Nxg5 Bb7 21.f3 Bd5 22.Bd3 Nc6 
23.O-O Nxd4 24.Rf2 Qa3 25.h4 Kd7 26.Nxf7 Qf8 
27.Bg6 Qe7 28.Qxd4 Rg8 29.h5 c5 30.Qxc3 Rf8 31.Qa5 
Rxf7 32.Bxf7 Qxf7 33.Qxa6 Qxh5 34.Qd6+ Kc8 
35.Qxc5+ Kb8 36.Qxb5+ Kc8 37.Rc1+ Kd8 38.Qb8+ Ke7 
39.Rc7+ 1-0

[Event "HCL-C3970"]
[Site "www.playchess.de"]
[Date "2006.01.14"]
[Round "6"]
[White "Farquhart"]
[Black "Mercator"]
[WhiteElo "397"]
[BlackElo "1035"]
[PlyCount "112"]
[Result "0-1"]

1.d4 d5 2.e3 e6 3.Nf3 Nf6 4.Bd3 c5 5.O-O Nc6 6.g3 
Bd6 7.Nc3 a6 8.Na4 c4 9.Be2 b5 10.Nc3 b4 11.Na4 
Bd7 12.c3 O-O 13.Nb6 Qxb6 14.h4 bxc3 15.bxc3 Rfb8 
16.Ng5 h6 17.Nf3 Ne4 18.Nd2 Qc7 19.f3 Nxg3 20.Rf2 
Nxe2+ 21.Rxe2 e5 22.Rg2 exd4 23.exd4 Rbe8 24.Nf1 
Re7 25.Bxh6 g6 26.Qd2 Bh3 27.Rg5 Rae8 28.Qc2 Bxf1 
29.Rxf1 R7e1 30.Rxg6+ Kh7 31.Qf5 Bh2+ 32.Kg2 R8e2+ 
33.Rf2 Rg1+ 34.Kh3 Rg3+ 35.Kxh2 Rxg6+ 36.Bf4 Rxf2+ 
37.Kh1 Qe7 38.Qh5+ Kg7 39.Be5+ Nxe5 40.dxe5 Qxh4+ 
41.Qxh4 Rh6 42.Kg1 Rxh4 43.Kxf2 Kg6 44.Kg3 Rh6 
45.a4 Kf5 46.f4 Rg6+ 47.Kf3 Rg4 48.Ke3 Rxf4 49.e6 
fxe6 50.a5 e5 51.Ke2 Ke4 52.Kd2 d4 53.Kc2 Rf2+ 
54.Kd1 Ke3 55.cxd4 Kd3 56.d5 Rf1+ 0-1

[Event "HCL-T248"]
[Site "www.playchess.de"]
[Date "2006.01.14"]
[Round "10"]
[White "lostpawn2000"]
[Black "Ezechiel"]
[WhiteElo "1223"]
[BlackElo "1808"]
[PlyCount "76"]
[Result "0-1"]

1.d4 Nf6 2.Bg5 e6 3.Nf3 Be7 4.c4 h6 5.Bh4 O-O 6.a3 
Ne4 7.Bxe7 Qxe7 8.Nbd2 Nxd2 9.Qxd2 d6 10.e3 e5 
11.Be2 e4 12.Ng1 Qf6 13.f3 Re8 14.Rc1 Qg5 15.g3 
exf3 16.Nxf3 Qxe3 {Again I think you will loose a 
pawn ...}  17.Qxe3 Rxe3 18.Rc3 Rxc3 19.bxc3 Bh3 
20.Kd2 f6 21.Bd3 Bg2 22.Re1 Bxf3 23.Re8+ Kf7 
24.Re3 Bg4 25.Re1 Nd7 26.h4 g5 27.Kc2 gxh4 28.gxh4 
Bh5 29.a4 Re8 30.Rg1 Rg8 31.Rf1 Bg6 32.Bxg6+ Rxg6 
33.Re1 Rg4 34.Rh1 f5 35.Kd3 Rg3+ 36.Kd2 f4 37.Ke2 
Kf6 38.Kf2 Rxc3 0-1

[Event "HCL-A2546"]
[Site "www.playchess.de"]
[Date "2006.01.14"]
[Round "17"]
[White "MimiSiku"]
[Black "stevetilbury"]
[WhiteElo "1507"]
[BlackElo "1550"]
[PlyCount "62"]
[Result "1/2-1/2"]

1.e4 {Hi again! Hope, I'll be more successful than 
the last time...}  e5 {Hello again and good luck 
in the game}  2.Nf3 Nc6 3.d4 exd4 4.Nxd4 Nf6 5.Bg5 
h6 6.Bh4 g5 7.Bg3 Nxe4 8.Nxc6 bxc6 9.Qe2 Qe7 
10.Bxc7 Bg7 11.c3 d5 12.Ba5 Nd6 13.Qxe7+ Kxe7 
14.Bd3 Bf5 15.Bxf5 Nxf5 16.O-O Rhb8 17.b3 Kd7 
18.Bb4 a5 19.Ba3 a4 20.b4 Rbe8 21.Bc1 d4 22.Bd2 
Re2 23.Re1 Rae8 24.Kf1 R2xe1+ 25.Bxe1 Nd6 26.a3 
Ne4 27.cxd4 Bxd4 28.Ra2 Kc7 29.f3 Nd6 30.Bf2 Bxf2 
31.Kxf2 Nb5 {(offering draw)}  1/2-1/2

[Event "HCL-B3744"]
[Site "www.playchess.de"]
[Date "2006.01.14"]
[Round "1"]
[White "PhilipKaveny"]
[Black "Mauro_Rezende"]
[WhiteElo "1348"]
[BlackElo "1500"]
[PlyCount "69"]
[Result "1-0"]

1.e4 e5 2.Bc4 b5 3.Bxb5 Bc5 4.Nf3 Ba6 5.Bxa6 Nxa6 
6.O-O g5 7.Nxe5 Bd6 8.d4 c5 9.Nxf7 Kxf7 10.Qh5+ 
Kf8 11.e5 Bc7 12.Bxg5 Qe8 13.Qf3+ Kg7 14.Bf6+ Nxf6 
15.Qxf6+ Kg8 16.Qxa6 cxd4 17.Qc4+ d5 18.Qxc7 d3 
19.cxd3 Rc8 20.Qd6 Rc6 21.Qxd5+ Qe6 22.Qxe6+ Rxe6 
23.f4 Kf7 24.Nc3 Rd8 25.Rad1 h5 26.d4 Rb8 27.d5 
Reb6 28.b3 h4 29.e6+ Ke7 30.f5 Rg8 31.f6+ Kd6 
32.f7 Rf8 33.Ne4+ Ke5 34.e7 Rd8 
35.e8Q+ 1-0

[Event "HCL-B3706"]
[Site "www.playchess.de"]
[Date "2006.01.14"]
[Round "10"]
[White "chessH"]
[Black "captainjivago"]
[WhiteElo "1220"]
[BlackElo "1200"]
[PlyCount "47"]
[Result "1-0"]

1.e4 e5 2.Nf3 d6 3.Bc4 h6 4.O-O Bg4 5.h3 Bh5 6.d3 
Qf6 7.Nbd2 a6 8.c3 Bxf3 9.Nxf3 g5 10.d4 g4 11.hxg4 
h5 12.dxe5 dxe5 13.Bg5 Qd6 14.Nxe5 Nh6 15.Qxd6 
cxd6 16.Bxh6 dxe5 17.Bg5 hxg4 18.Bf6 Rh5 19.Rad1 
Nd7 20.Rxd7 Kxd7 21.Bxf7 Rh6 22.Bxe5 Bd6 23.Rd1 
Ke7 24.Bxd6+ 1-0

[Event "HCL-A2505"]
[Site "www.playchess.de"]
[Date "2006.01.14"]
[Round "30"]
[White "PhilipKaveny"]
[Black "Genesio"]
[WhiteElo "1354"]
[BlackElo "1065"]
[PlyCount "97"]
[Result "1-0"]

1.e4 c5 2.f4 Nc6 3.Nf3 e6 4.Bc4 Nf6 5.Nc3 Be7 
6.O-O O-O 7.Kh1 a6 8.d4 b5 9.e5 Ne8 10.Be2 b4 
11.Ne4 f5 12.Nxc5 d5 13.exd6 Bxd6 14.Ne5 Bxe5 
15.dxe5 Qxd1 16.Rxd1 Nc7 17.Be3 Nd5 18.Bc1 a5 
19.Bc4 Rd8 20.Bxd5 Rxd5 21.Be3 Ba6 22.Rxd5 exd5 
23.Nxa6 Rxa6 24.Rd1 Ne7 25.Bc5 Ng6 26.g3 Rc6 
27.Rxd5 Kf7 28.Bd4 Rxc2 29.Rxa5 Rc1+ 30.Kg2 Ke6 
31.Rb5 h5 32.Rxb4 Rc2+ 33.Kh3 Ne7 34.Bc3 Nd5 
35.Rd4 Nxc3 36.bxc3 Rxc3 37.a4 Rc5 38.Rd6+ Ke7 
39.Kh4 Rc2 40.Kxh5 Rxh2+ 41.Kg5 Rh3 42.Kxf5 Rxg3 
43.Rg6 Ra3 44.Rxg7+ Kf8 45.Ra7 Ke8 46.Ke6 Kf8 
47.f5 Rg3 48.Kf6 Ke8 49.e6 1-0

[Event "HCL-C3938"]
[Site "www.playchess.de"]
[Date "2006.01.14"]
[Round "4"]
[White "jamesh"]
[Black "mudelta"]
[WhiteElo "800"]
[BlackElo "1204"]
[PlyCount "90"]
[Result "0-1"]

1.e4 c6 {hi gl}  2.Qf3 e6 3.Qh5 Nf6 4.Qe5 d6 5.Qf4 
e5 6.Qh4 Be7 7.Bc4 O-O 8.d4 Nd5 9.Qg3 Bh4 10.Qd3 
Nf4 11.Qb3 Nxg2+ 12.Kf1 Bg5 13.Bxg5 Qxg5 14.Qg3 
Qxg3 15.hxg3 d5 16.Kxg2 dxc4 17.dxe5 Bg4 18.Rh4 h5 
19.f3 Be6 20.Ne2 Nd7 21.Nbc3 g6 22.Nf4 Nxe5 23.g4 
hxg4 24.fxg4 Bxg4 25.Rah1 Bf3+ 26.Kg1 Bxh1 27.Kxh1 
Rac8 28.b3 b5 29.bxc4 Nxc4 30.a4 b4 31.Na2 a5 
32.Nd3 Rcd8 33.Nf4 Nb2 34.e5 Kg7 35.e6 Rfh8 36.Rh3 
Rxh3+ 37.Nxh3 fxe6 38.Ng5 Rh8+ 39.Kg2 Kf6 40.Ne4+ 
Ke5 41.Kf3 Nxa4 42.Nc1 Nc3 43.Nd3+ Kd4 44.Nf4 Nxe4 
45.Nxe6+ Ke5 0-1

[Event "HCL-B3821"]
[Site "www.playchess.de"]
[Date "2006.01.14"]
[Round "18"]
[White "tusnelda"]
[Black "IRONMAIDEN"]
[WhiteElo "1182"]
[BlackElo "1382"]
[PlyCount "39"]
[Result "1-0"]

1.e4 e5 2.Nf3 Nc6 3.Bc4 f6 4.d3 Nd4 5.Nxd4 exd4 
6.Bf4 d6 7.Qh5+ g6 8.Qd5 Qe7 9.O-O c6 10.Qxd4 Be6 
11.Re1 Nh6 12.h3 O-O-O 13.Qc3 g5 14.Be3 Kb8 15.Na3 
Bg7 16.d4 Bxc4 17.Nxc4 d5 18.exd5 cxd5 19.Bf4+ Qc7 
20.Bxc7+ 1-0

[Event "HCL-C4013"]
[Site "www.playchess.de"]
[Date "2006.01.14"]
[Round "5"]
[White "Milosforman"]
[Black "willi_weizenkeim"]
[WhiteElo "937"]
[BlackElo "1041"]
[PlyCount "46"]
[Result "0-1"]

1.d4 g6 2.c4 Bg7 3.e3 b6 4.Bd3 Bb7 5.Nf3 Bxf3 
6.Qxf3 Nc6 7.d5 Ne5 8.Qe4 Nxd3+ 9.Qxd3 Nf6 10.O-O 
O-O 11.Nc3 c5 12.h3 d6 13.e4 a6 14.Bg5 e6 15.dxe6 
fxe6 16.Bxf6 Rxf6 17.a3 Ra7 18.f4 Raf7 19.e5 R6xf4 
20.Rxf4 Rxf4 21.Qg3 Bxe5 22.Qe3 Rxc4 23.Rf1 
Bd4 0-1

[Event "HCL-B3791"]
[Site "www.playchess.de"]
[Date "2006.01.14"]
[Round "4"]
[White "Bense"]
[Black "JMD"]
[WhiteElo "1049"]
[BlackElo "1396"]
[PlyCount "43"]
[Result "1-0"]

1.e4 {Hello.}  e5 {hello from Paris}  2.f3 Bc5 
3.Ne2 {Hi.}  Nc6 4.d3 d6 5.c3 a5 6.a3 b5 7.d4 Bb6 
8.d5 Na7 9.Qd3 Ba6 10.Qd1 Ne7 11.f4 exf4 12.Bxf4 
Ng6 13.g3 Nxf4 14.Nxf4 Qe7 15.Bg2 O-O 16.Nd2 c5 
17.Qg4 Bc8 18.Qf3 c4 19.Rd1 f5 20.Kf1 fxe4 21.Nxe4 
Bf5 22.Re1 1-0

[Event "HCL-E1545"]
[Site "www.playchess.de"]
[Date "2006.01.14"]
[Round "9"]
[White "Josef"]
[Black "yannick"]
[WhiteElo "1625"]
[BlackElo "1584"]
[PlyCount "67"]
[Result "1/2-1/2"]

1.d4 d5 2.c4 dxc4 3.Nf3 Nf6 4.Nc3 Bg4 5.Ne5 Nc6 
6.Nxc6 bxc6 7.f3 Be6 8.e4 Rb8 9.Qa4 Qxd4 10.Qxc6+ 
Kd8 11.Bf4 Qb6 12.Rd1+ Kc8 13.Qxb6 Rxb6 14.Na4 Ra6 
15.b3 Rc6 16.Rc1 Kb7 17.bxc4 Nd7 18.c5 a6 19.Bd3 
Bxa2 20.Ke2 e5 21.Be3 f6 22.Rc2 Bf7 23.Rb1+ Kc8 
24.Rcb2 Be7 25.R2b7 Rd8 26.Ra7 Nxc5 27.Nxc5 Bxc5 
28.Bxa6+ Rxa6 29.Bxc5 Rxa7 30.Bxa7 c6 31.Ke3 Kd7 
32.Rb7+ Ke6 33.Bc5 Rd7 34.Rb6 {(offering draw)} 
 1/2-1/2

[Event "ACL-A645"]
[Site "www.playchess.de"]
[Date "2006.01.14"]
[Round "5"]
[White "Palhares"]
[Black "Franciscan"]
[WhiteElo "1787"]
[BlackElo "1900"]
[PlyCount "58"]
[Result "1/2-1/2"]

1.e4 {Hello. good games}  c5 {Many greetings to 
the Portugal !I hope, we shall have a good 
game.
I n which part of Portugal do you live ?}  2.Nf3 
{I live in the north, town named Braga. And you, 
where do you live?
I've been in Prague twice. beautiful town 
wonderful beer.}  d6 {I live just about 100 km in 
the east from Prague, in the town named Hradec 
Kralove. Our beer isn´t bad,
I like it too.}  3.d4 cxd4 4.Nxd4 Nf6 5.Nc3 a6 
6.Bg5 e6 7.f4 Be7 8.Qf3 Qc7 9.O-O-O Nbd7 10.g4 b5 
11.Bxf6 Nxf6 12.g5 Nd7 13.f5 Nc5 14.f6 gxf6 
15.gxf6 Bf8 16.Rg1 b4 17.Nd5 exd5 18.exd5 Nd7 
19.Nc6 Bb7 20.Bh3 Ne5 21.Rge1 Rg8 22.Qh5 Bxc6 
{Merry Christmas and a happy New Year.}  23.dxc6 
{Merry christmas and happy 2006}  Rg6 {Chriszmas 
will be merry, but my position is a little sad, 
isn´t it ?}  24.Bd7+ {Perhaps, but is an 
interesting one, globally.}  Kd8 25.Bf5 b3 26.cxb3 
Rh6 27.Qe2 Ke8 28.Bd7+ Kd8 29.Bf5 Ke8 {(offering 
draw) What would you say to a draw ?} 
 1/2-1/2

[Event "HCL-A2454"]
[Site "www.playchess.de"]
[Date "2006.01.14"]
[Round "2"]
[White "seisan"]
[Black "alldrix"]
[WhiteElo "1424"]
[BlackElo "1647"]
[PlyCount "74"]
[Result "0-1"]

1.e4 e6 {greetings from Aracaju, Brazil}  2.d4 
{Good wishes from Chennai,India.}  d5 3.e5 c5 4.c3 
Nc6 5.Bb5 cxd4 6.cxd4 Bd7 7.Nc3 Bb4 8.Bxc6 Bxc6 
9.Nf3 Bb5 10.Bd2 Bxc3 11.Bxc3 Ne7 12.Qb3 Ba6 
13.O-O-O O-O 14.g4 Bc4 15.Qa3 Ng6 16.h4 Nf4 17.Kb1 
Bd3+ 18.Ka1 Be4 19.Ng5 Bxh1 20.Rxh1 h6 21.Nf3 Ng6 
22.Bb4 Re8 23.g5 h5 24.Rc1 a6 25.Bd6 Rc8 26.b3 Qb6 
27.Rxc8 Rxc8 28.Qb2 Nf4 29.Qd2 Nh3 30.Kb2 Qb5 
31.a4 Qf1 32.g6 fxg6 33.Ng5 Nxg5 34.hxg5 h4 35.Qf4 
h3 36.Qg4 Qc1+ 37.Ka2 Rc2+ 0-1

[Event "HCL-C4047"]
[Site "www.playchess.de"]
[Date "2006.01.14"]
[Round "11"]
[White "xmen"]
[Black "epenz"]
[WhiteElo "1378"]
[BlackElo "993"]
[PlyCount "29"]
[Result "1-0"]

1.e4 e5 2.Nf3 Nc6 3.Bb5 a6 4.Ba4 b5 5.Bb3 Nf6 
6.Ng5 d5 7.exd5 Nxd5 8.Qf3 Be6 9.d3 Be7 10.Nxe6 
Qd7 11.Nxg7+ Kd8 12.Bxd5 Rb8 13.Bxc6 Qd6 14.Nf5 
Qf6 15.h4 1-0

[Event "HCL-B3758"]
[Site "www.playchess.de"]
[Date "2006.01.14"]
[Round "4"]
[White "schnitzly"]
[Black "klaus_mueller"]
[WhiteElo "1274"]
[BlackElo "1426"]
[PlyCount "90"]
[Result "0-1"]

1.d4 {hallo und viel Spass!}  f5 {ebenso spass und 
spannung}  2.Nc3 Nf6 3.Nf3 e6 4.Bg5 Be7 5.Bxf6 
Bxf6 6.e4 O-O 7.Bc4 fxe4 8.Nxe4 Bxd4 9.Qxd4 Nc6 
10.Qd2 d5 11.Bxd5 Qxd5 12.Nc3 Qxd2+ 13.Kxd2 Bd7 
14.a3 Rad8 15.Rad1 e5 16.h3 Bg4+ 17.Ke3 Bxf3 
18.gxf3 Nd4 19.Ke4 Nxc2 20.Rxd8 Rxd8 21.Rd1 Rxd1 
22.Nxd1 Nd4 23.Ne3 c6 24.Ng4 Kf8 25.Nxe5 Ne6 26.h4 
Ke7 27.f4 Nc5+ 28.Kd4 {(offering draw)}  Na4 {noch 
ein weilchen weiter}  29.Nc4 {OK}  b6 30.b3 Nc5 
31.b4 Na6 {ein frohes neues Jahr}  32.Ne5 {Vielen 
Dank!! Wünsche dir auch ein prächtiges!!}  Nb8 
33.Ke4 a5 34.f5 axb4 35.axb4 c5 36.bxc5 bxc5 37.f4 
Kf6 38.Ng4+ Ke7 39.Kd5 Nd7 40.h5 Nf6+ 41.Nxf6 Kxf6 
42.Kxc5 Kxf5 43.Kd6 Kxf4 44.Ke6 Kg5 45.Kf7 g6 
{Hallo Schnitzly, ich fahre die nächste Woche in 
Urlaub. Ich denke die Partie ist leider nicht mehr 
remis zu halten. Grüße Klaus}  0-1

[Event "HCL-B3785"]
[Site "www.playchess.de"]
[Date "2006.01.14"]
[Round "30"]
[White "Snillie"]
[Black "evets"]
[WhiteElo "1467"]
[BlackElo "1445"]
[PlyCount "71"]
[Result "1-0"]

1.c4 e6 2.g3 d5 3.Bg2 b6 4.Nf3 Bb7 5.cxd5 exd5 
6.Nc3 Nf6 7.d3 Bb4 8.O-O d4 9.Nb5 Bc5 10.Bf4 Nd5 
11.Bg5 f6 12.Bd2 Ne7 13.Qa4 Bc6 14.Rac1 a6 
15.Nfxd4 axb5 16.Nxc6 Rxa4 17.Nxd8 Kxd8 18.a3 b4 
19.d4 Bxd4 20.Bxb4 c5 21.Bc3 Bxc3 22.Rxc3 Rd4 
23.Rb1 Kc7 24.b4 c4 25.b5 Kd6 26.e3 Rd3 27.Rxc4 
Rxa3 28.Rd1+ Ke6 29.Rc7 Rb3 30.Bh3+ f5 31.e4 Rxb5 
32.exf5+ Kf6 33.Rd6+ Kf7 34.Rb7 Rc8 35.f6 Ke8 
36.Rxe7+ 1-0

[Event "HCL-A2522"]
[Site "www.playchess.de"]
[Date "2006.01.14"]
[Round "5"]
[White "cocohubert"]
[Black "MimiSiku"]
[WhiteElo "1356"]
[BlackElo "1502"]
[PlyCount "76"]
[Result "1/2-1/2"]

1.d4 d5 2.c4 dxc4 3.e3 Nf6 4.Bxc4 b6 5.Nf3 Bb7 
6.O-O e6 7.Nbd2 c5 8.Bb5+ Bc6 9.Qa4 Qd7 10.Bxc6 
Qxc6 11.Qxc6+ Nxc6 12.dxc5 Bxc5 13.a3 O-O 14.b4 
Bd6 15.Nc4 Rfd8 16.Bb2 Be7 17.Rad1 b5 18.Nce5 Nxe5 
19.Nxe5 Rac8 20.Rxd8+ Bxd8 21.Rc1 Rxc1+ 22.Bxc1 
Bc7 23.Nd3 Nd7 24.Bb2 f6 25.Nf4 Bxf4 26.exf4 Kf7 
27.g3 a6 28.Kf1 Nb6 29.Ke2 Nc4 30.Bc1 Ke7 31.Kd3 
Kd6 32.Kd4 h5 33.h4 g6 34.f3 f5 35.Kd3 Kd5 36.Kc3 
Nb6 37.Be3 Na4+ 38.Kb3 Kc6 {(offering draw)} 
 1/2-1/2

[Event "HCL-B3753"]
[Site "www.playchess.de"]
[Date "2006.01.14"]
[Round "4"]
[White "dc"]
[Black "ulibear"]
[WhiteElo "886"]
[BlackElo "1296"]
[PlyCount "63"]
[Result "1/2-1/2"]

1.e4 {:-)}  c6 {good luck to you! :-)}  2.e5 d5 
3.d4 Bf5 4.Na3 e6 5.Nf3 h6 6.h3 Be7 7.g4 Bg6 8.Bg2 
h5 9.g5 h4 10.O-O Rh5 11.Qe2 Rh8 12.c4 Be4 13.c5 
Bxf3 14.Bxf3 Bxg5 15.b4 Bxc1 16.Raxc1 Qg5+ 17.Bg4 
Nh6 18.f4 Qg6 19.Kh2 Nxg4+ 20.hxg4 Nd7 21.f5 exf5 
22.Rxf5 O-O-O 23.b5 Nb8 24.Rcf1 f6 25.exf6 Rhe8 
26.Qf3 gxf6 27.Rxf6 Qe4 28.bxc6 Qxf3 29.R6xf3 Re2+ 
30.Kh3 Nxc6 31.Nb1 Nxd4 32.Rd3 {(offering draw)} 
 1/2-1/2

[Event "HCL-A2486"]
[Site "www.playchess.de"]
[Date "2006.01.14"]
[Round "7"]
[White "organic"]
[Black "Erik"]
[WhiteElo "1345"]
[BlackElo "1429"]
[PlyCount "58"]
[Result "0-1"]

1.e4 {Hallo! Viel Erfolg während dieser Partie!}  
e5 {Danke, ebenso! Und viel Spaß!}  2.Nf3 Nc6 
3.Bb5 Bd6 4.d4 exd4 5.Nxd4 Nxd4 6.Qxd4 Qf6 7.Qd3 
Bc5 8.O-O c6 9.Ba4 Ne7 10.Nc3 O-O 11.Be3 Bd6 12.f4 
Qh4 13.e5 Bc7 14.Bb3 Qh5 15.Ne4 Nf5 16.Nd6 Nxe3 
17.Qxe3 Bxd6 18.exd6 Qf5 19.Rae1 g6 20.Re2 b6 
21.Rfe1 Ba6 22.c4 c5 23.Bc2 Qf6 24.Qd3 Qxf4 
25.R2e7 Bxc4 26.Qh3 Be6 27.Qc3 Qxd6 28.R7xe6 dxe6 
29.Rd1 Qf4 0-1

[Event "HCL-B3645"]
[Site "www.playchess.de"]
[Date "2006.01.14"]
[Round "7"]
[White "Rollum"]
[Black "filcexez"]
[WhiteElo "800"]
[BlackElo "1170"]
[PlyCount "70"]
[Result "0-1"]

1.d4 Nf6 2.e4 Nxe4 3.Nd2 Nf6 4.Ngf3 g6 5.Bc4 Bg7 
6.Ne5 O-O 7.g4 d6 8.Nd3 Bxg4 9.f3 Bh3 10.Nf4 Qd7 
11.Rg1 d5 12.Bf1 Bf5 13.Nb3 Nc6 14.Nc5 Qc8 15.Bb5 
Na5 16.b4 Nc4 17.Nxd5 Nxd5 18.Bxc4 Nxb4 19.Ba3 
Nxc2+ 20.Kf2 Bxd4+ 21.Kg2 Ne3+ 22.Kg3 Nxd1 
23.Raxd1 Be5+ 24.f4 Bd6 25.Rd5 c6 26.Rd4 e5 
27.Rxd6 a6 28.Rgd1 exf4+ 29.Kxf4 Bc2 30.R1d2 Qf5+ 
31.Ke3 Rae8+ 32.Kd4 Qf4+ 33.Kc3 Bf5 34.R6d4 Re3+ 
35.Nd3 Qc7 0-1

[Event "HCL-E1519"]
[Site "www.playchess.de"]
[Date "2006.01.14"]
[Round "18"]
[White "Eishockeytorwart"]
[Black "Andy1"]
[WhiteElo "1944"]
[BlackElo "1399"]
[PlyCount "55"]
[Result "1-0"]

1.e4 {willkommen aus Mönchengladbach}  d5 {hallo 
aus Siegen}  2.exd5 Nf6 3.Bb5+ Bd7 4.Bc4 c6 5.dxc6 
Bxc6 6.Nf3 {ein frohes Weihnachtsfest}  e6 {wünsch 
ich Dir auch}  7.Nc3 Bd6 8.Nb5 O-O 9.Nxd6 Qxd6 
10.c3 b5 11.Be2 a6 12.O-O Nbd7 13.d4 Rad8 14.Bg5 
h6 15.Bxf6 Nxf6 16.Ne5 Nd7 17.Nxc6 Qxc6 18.Re1 Nf6 
19.Bf3 Qc7 20.Qe2 Rd6 21.a3 Rfd8 22.Qe5 Nd5 
23.Bxd5 exd5 24.Re3 R8d7 25.Rae1 Qc6 26.Rg3 Rf6 
27.Qb8+ Kh7 28.Re8 1-0